|
|
|
|
| LEADER |
00000nam0a2200000 4500 |
| 001 |
309527 |
| 005 |
20231102002211.0 |
| 020 |
|
|
|a RU
|b 81-49165
|
| 035 |
|
|
|a (RuTPU)RU\TPU\book\334849
|
| 090 |
|
|
|a 309527
|
| 100 |
|
|
|a 20151113d1980 k y0rusy5003 ca
|
| 101 |
0 |
|
|a rus
|
| 102 |
|
|
|a RU
|
| 105 |
|
|
|a a z 001zy
|
| 200 |
1 |
|
|a Химия и технология местных вяжущих материалов
|e сборник трудов
|f Уральский научно-исследовательский и проектный институт строительных материалов (УралНИИстромпроект)
|
| 210 |
|
|
|a Челябинск
|c [Б. и.]
|d 1980
|
| 215 |
|
|
|a 190 с.
|c ил.
|d 22 см.
|
| 320 |
|
|
|a Библиография в конце статей
|
| 606 |
1 |
|
|a Вяжущие материалы
|x Химия
|2 stltpush
|3 (RuTPU)RU\TPU\subj\35185
|9 56939
|
| 610 |
1 |
|
|a химическая технология
|
| 610 |
1 |
|
|a производство
|
| 610 |
1 |
|
|a высокоглиноземистый цемент
|
| 610 |
1 |
|
|a состав
|
| 610 |
1 |
|
|a свойства
|
| 610 |
1 |
|
|a бетон
|
| 610 |
1 |
|
|a температурные воздействия
|
| 610 |
1 |
|
|a прочность
|
| 610 |
1 |
|
|a алюминотермическое производство
|
| 610 |
1 |
|
|a жаростойкие бетоны
|
| 610 |
1 |
|
|a доменные шлаки
|
| 610 |
1 |
|
|a остатки
|
| 610 |
1 |
|
|a исследование
|
| 610 |
1 |
|
|a гранулированные шлаки
|
| 610 |
1 |
|
|a щелочная активность
|
| 675 |
|
|
|a 666.9
|z rus
|v 4
|
| 712 |
0 |
2 |
|a Уральский научно-исследовательский и проектный институт строительных материалов (УралНИИстромпроект)
|c (Челябинск)
|c (1965-2004)
|2 stltpush
|3 (RuTPU)RU\TPU\col\8027
|
| 801 |
|
0 |
|a RU
|b RuMRKP
|c 19950704
|g psbo
|
| 801 |
|
1 |
|a RU
|b 63413507
|c 20151113
|
| 801 |
|
2 |
|a RU
|b 63413507
|c 20180912
|g RCR
|
| 942 |
|
|
|c BK
|